MAASAI MARA UNIVERSITY

LIBRARY CATALOGUE

Contact Us: +254 020 2685356/7 or 0774 057787

Box: 861-20500, NAROK, KENYA

Email: info@mmarau.ac.ke

Wortman Camille B (Record no. 3331)

MARC details
000 -LEADER
fixed length control field 00406nam a2200145Ia 4500
008 - FIXED-LENGTH DATA ELEMENTS--GENERAL INFORMATION
fixed length control field 151015s9999 xx 000 0 und d
020 ## - INTERNATIONAL STANDARD BOOK NUMBER
International Standard Book Number 394331893
050 ## - LIBRARY OF CONGRESS CALL NUMBER
Classification number BF 121.W67 1985
245 ## - TITLE STATEMENT
Title Wortman Camille B
250 ## - EDITION STATEMENT
Edition statement _Psychology[ 2nd ed.] Camille B Wortman
300 ## - PHYSICAL DESCRIPTION
Extent New York Alfred A Knopf 1985
500 ## - GENERAL NOTE
General note Includes index
650 ## - SUBJECT ADDED ENTRY--TOPICAL TERM
Topical term or geographic name as entry element _Psychology
700 ## - ADDED ENTRY--PERSONAL NAME
Personal name ^d20120809 10:38:12^oanne

No items available.

© 2016 Maasai Mara University.